Biochemistry /

Detalles Bibliográficos
Autores principales: Berg, Jeremy M. (Jeremy Mark), 1958- (Autor), Gatto, Gregory J., Jr. (Gregory Joseph) (Autor), Hines, Justin K. (Autor), Heller, Jutta Beneken (Autor), Tymoczko, John L., 1948- (Autor), Stryer, Lubert (Autor)
Formato: Libro
Lenguaje:English
Publicado: Austin ; New York : Macmillan Learning, c2023.
Edición:Tenth edition.
Materias:
Classic Catalogue: View this record in Classic Catalogue
LEADER 03679nam a22004217a 4500
001 44620
003 BD-DhAAL
005 20250817152731.0
008 250814t2023 txua b 001 0 eng d
020 |a 9781319498504  |q international edition  |q paperback 
020 |a 9781319333621  |q student edition  |c paperback 
020 |a 1319333621  |q student edition  |q paperback 
020 |a 1319498507  |q international edition  |q paperback 
040 |a BD-DhAAL  |c BD-DhAAL 
082 0 0 |a 572  |2 23 
245 1 0 |a Biochemistry /  |c Jeremy M. Berg ... [et al.]. 
250 |a Tenth edition. 
260 |a Austin ;  |a New York :  |b Macmillan Learning,  |c c2023. 
300 |a xxxvii, 1001 pages :  |b illustrations (some color) ;  |c 29 cm 
500 |a Includes index. 
526 |a PHR  |x Dr. Hasina Yasmin, Assistant Dean and Program Director School of Pharmacy BRAC University Course Name : Biochemistry and Molecular Biology (PHR 202)  
541 |a Trim Education  |e 44620, 44621, 44622, 44625, 44626, 44627 
650 0 |a Biochemistry  |v Textbooks.  |9 14321 
700 1 |a Berg, Jeremy M.  |q (Jeremy Mark),  |d 1958-  |e author.  |9 59075 
700 1 |a Gatto, Gregory J.,  |c Jr.  |q (Gregory Joseph),  |e author.  |9 59080 
700 1 |a Hines, Justin K.,  |e author.  |9 59081 
700 1 |a Heller, Jutta Beneken,  |e author.  |9 59082 
700 1 |a Tymoczko, John L.,  |d 1948-  |e author.  |9 57799 
700 1 |a Stryer, Lubert,  |e author. 
852 |a Ayesha Abed Library  |c General Stacks 
942 |2 ddc  |c BK 
999 |c 46856  |d 46856 
952 |0 0  |1 0  |2 ddc  |4 0  |6 572_000000000000000_BIO  |7 0  |9 77998  |a BRACUL  |b BRACUL  |c NEW  |d 2025-08-11  |e Trim Education  |g 6995.00  |l 3  |m 20  |o 572 BIO  |p 3010044625  |r 2026-02-25  |s 2025-10-23  |t 4  |v 13990.00  |w 2025-08-11  |y BK  |x Requisitioned by Dr. Hasina Yasmin (Assistant Dean and Program Director, School of Pharmacy, BRAC University) for the course named - "Biochemistry and Molecular Biology (PHR 202)" 
952 |0 0  |1 0  |2 ddc  |4 0  |6 572_000000000000000_BIO  |7 0  |9 77999  |a BRACUL  |b BRACUL  |c GEN  |d 2025-08-11  |e Trim Education  |g 6995.00  |l 1  |m 29  |o 572 BIO  |p 3010044626  |r 2026-05-11  |s 2025-09-08  |t 5  |v 13990.00  |w 2025-08-11  |y BK  |x Requisitioned by Dr. Hasina Yasmin (Assistant Dean and Program Director, School of Pharmacy, BRAC University) for the course named - "Biochemistry and Molecular Biology (PHR 202)" 
952 |0 0  |1 0  |2 ddc  |4 0  |6 572_000000000000000_BIO  |7 0  |9 78000  |a BRACUL  |b BRACUL  |c GEN  |d 2025-08-11  |e Trim Education  |g 6995.00  |l 2  |m 33  |o 572 BIO  |p 3010044627  |r 2026-01-16  |s 2025-11-05  |t 6  |v 13990.00  |w 2025-08-11  |y BK  |x Requisitioned by Dr. Hasina Yasmin (Assistant Dean and Program Director, School of Pharmacy, BRAC University) for the course named - "Biochemistry and Molecular Biology (PHR 202)" 
952 |0 0  |1 0  |2 ddc  |4 0  |6 572_000000000000000_BIO  |7 0  |9 78003  |a PHR  |b PHR  |d 2025-08-11  |e Trim Education  |g 7500.00  |l 0  |o 572 BIO  |p 3010044620  |r 2025-08-11  |t 1  |v 15000.00  |w 2025-08-11  |y BK  |x Requisitioned by Dr. Hasina Yasmin (Assistant Dean and Program Director, School of Pharmacy, BRAC University) for the course named - "Biochemistry and Molecular Biology (PHR 202)" 
952 |0 0  |1 0  |2 ddc  |4 0  |6 572_000000000000000_BIO  |7 0  |9 78004  |a PHR  |b PHR  |d 2025-08-11  |e Trim Education  |g 7500.00  |l 0  |o 572 BIO  |p 3010044621  |r 2025-08-11  |t 2  |v 15000.00  |w 2025-08-11  |y BK  |x Requisitioned by Dr. Hasina Yasmin (Assistant Dean and Program Director, School of Pharmacy, BRAC University) for the course named - "Biochemistry and Molecular Biology (PHR 202)" 
952 |0 0  |1 0  |2 ddc  |4 0  |6 572_000000000000000_BIO  |7 0  |9 78005  |a PHR  |b PHR  |d 2025-08-11  |e Trim Education  |g 7500.00  |l 0  |o 572 BIO  |p 3010044622  |r 2025-08-11  |t 3  |v 15000.00  |w 2025-08-11  |y BK  |x Requisitioned by Dr. Hasina Yasmin (Assistant Dean and Program Director, School of Pharmacy, BRAC University) for the course named - "Biochemistry and Molecular Biology (PHR 202)"